000 00672nam a2200229Ia 4500
003 GCL
008 140319s9999 xx 000 0 ara d
040 _aGCL /
_cGCL
082 0 4 _aط
_b813.02
_bا ك
100 1 _aالبير مطلق
245 1 0 _aالثعلب /
_cالبير مطلق
260 _a[S.N] :
_bمكتبة لبنان
300 _a16 ص
490 _aكتب الفراشة حكايات محبوبة
_v0
650 0 4 _aالاطفال
650 0 4 _aقصص الاطفال
650 0 4 _aادب الاطفال
650 0 4 _aالحيوان
650 0 4 _aالمجموعات الادبية
650 0 4 _aالحيوانات - تربية
942 _2ddc
_cBK
999 _c32831
_d32831